Malý dřevěný robot a polínková princezna /

Kreslená autorská pohádka o nerozlučných sourozencích a jejich dobrodružné cestě domů.

Main Author: Gauld, Tom, 1976-
Other Authors: Novotná, Barbora, 1987-
Language: Czech
Published: Praha : Centrala, 2022
Edition: Vydání první
Series: Láska (Centrala)
Physical Description: 31 nečíslovaných stran : barevné ilustrace ; 29 cm
Book
Saved in:
LEADER 02362nam a2200529 i 4500
001 nkc20223473240
003 CZ PrNK
005 20230203072424.0
007 ta
008 221122s2022 xr a b 000 j cze
015 |a cnb003473240 
020 |a 978-80-908185-2-1  |q (vázáno) 
035 |a (OCoLC)1369541456 
040 |a ABG001  |b cze  |e rda 
041 1 |a cze  |h eng 
072 7 |a 821.111-3  |x Anglická próza, anglicky psaná  |2 Konspekt  |9 25 
072 7 |a 821-93  |x Literatura pro děti a mládež (beletrie)  |2 Konspekt  |9 26 
080 |a 821.111-32  |2 MRF 
080 |a 821-93  |2 MRF 
080 |a (0:82-32)  |2 MRF 
080 |a (0.027.6)74/77  |2 MRF 
100 1 |a Gauld, Tom,  |d 1976-  |7 xx0199759  |4 aut  |4 ill 
245 1 0 |a Malý dřevěný robot a polínková princezna /  |c Tom Gauld ; překlad Barbora Doležalová 
250 |a Vydání první 
264 1 |a Praha :  |b Centrala,  |c 2022 
300 |a 31 nečíslovaných stran :  |b barevné ilustrace ;  |c 29 cm 
336 |a text  |b txt  |2 rdacontent 
336 |a statický obraz  |b sti  |2 rdacontent 
337 |a bez média  |b n  |2 rdamedia 
338 |a svazek  |b nc  |2 rdacarrier 
490 1 |a Láska 
500 |a Přeloženo z angličtiny 
520 2 |a Kreslená autorská pohádka o nerozlučných sourozencích a jejich dobrodružné cestě domů.  |b Král a královna touží dlouhé roky po dítěti. Jejich přání se zázrakem splní hned dvakrát v podobě malého dřevěného robota a kouzelné princezny. Má to však jeden háček: pokaždé, když princezna večer usne, změní se v obyčejné polínko. Nerozlučné sourozence od sebe jednoho dne oddělí nehoda: princezna je nedopatřením zaměněna za obyčejný kus dřeva a odvezena na mrazivý Sever. Nakladatelská anotace. Kráceno. 
655 7 |a anglické příběhy  |7 fd131813  |2 czenas 
655 7 |a autorské knihy  |7 fd756049  |2 czenas 
655 7 |a publikace pro děti  |7 fd133156  |2 czenas 
655 9 |a English stories  |2 eczenas 
655 9 |a authors' books  |2 eczenas 
655 9 |a children's literature  |2 eczenas 
700 1 |a Novotná, Barbora,  |d 1987-  |7 mzk2012733092  |4 trl 
830 0 |a Láska (Centrala)  |0 s 
910 2 |a BOA001  |b 4-1498.715 
920 |a 4679242  |z ABG001 
990 |a BK 
995 |a 01 
991 |b 202301  |c NOV 
996 6 |b 2610927604  |c 4-1498.715  |l MZK  |r Sklad / do 1 hodiny  |n 1  |p p.v.  |w 001910096  |u 000010  |a 1  |e BOA001  |j MZK50  |s P